Normal view
MARC view
- القواميس-علم النفس-التربية-التربية البدنية
Entry Topical Term
001 - CONTROL NUMBER
- control field: 59977
003 - CONTROL NUMBER IDENTIFIER
- control field: JO-AjAnu
005 - DATE AND TIME OF LATEST TRANSACTION
- control field: 20230606083814.0
008 - FIXED-LENGTH DATA ELEMENTS
- fixed length control field: 230606|| aca||aabn | a|a d
040 ## - CATALOGING SOURCE
- Original cataloging agency: JO-AjAnu
- Transcribing agency: JO-AjAnu
150 ## - HEADING--TOPICAL TERM
- Topical term or geographic name entry element: القواميس-علم النفس-التربية-التربية البدنية
670 ## - SOURCE DATA FOUND
- Source citation: Work cat.: (JO-AjAnu)30585: التميمي، ياسين علوان وآخرون؛ م. مشارك علي ياسين التميمي، م.مشارك حيدر عباس الربيعي, author 59976, معجم مصطلحات العلوم النفسية والتربوية والبدنية